000 00429nam a2200145Ia 4500
008 100122s9999 xx 000 0 und d
082 _b29170
_a823
100 _aवगळ अरुण दा
245 _aपाकिटमार
260 _bसाहित्य प्रसार केंद्र
_c1905
300 _a104
630 _aपाकिटमार
730 _aपाकिटमार
942 _cBOOK
999 _c414603
_d414600